000 00335nam a2200157Ia 4500
003 0STCL
008 150530s9999 xx 000 0 und d
040 _aSTCL
_cSTCL
100 _aRafael Sabatini
245 _aGates of Eoom
260 _c1921
546 _aEnglish
942 _2ddc
_cBK
999 _c57427
_d57427
005 20220125171029.0